000 00356nam a2200133Ia 4500
008 240624s9999 xx 000 0 und d
041 _aeng
082 _a808.5 JEF
100 _aJEFFREYS MICHAEL
245 _aSUCCESS SECRETS OF 15 MOTIVATIONAL SUPER
260 _c2005
_aMumbai
_bJaico Publishing House
300 _a493 : p. : cm. ; 22
365 _cRS
_b30
999 _c11968
_d11968